The Nuclear axis : Germany, Japan and the atom bomb race, 1939-1945 / (Record no. 71399)

000 -LEADER
fixed length control field 01413cam a22003734a 4500
001 - CONTROL NUMBER
control field 13335465
003 - CONTROL NUMBER IDENTIFIER
control field NUST - PNEC
005 - DATE AND TIME OF LATEST TRANSACTION
control field 20170116181200.0
008 - FIXED-LENGTH DATA ELEMENTS--GENERAL INFORMATION
fixed length control field 991109s2000 enka b 001 0 eng
010 ## - LIBRARY OF CONGRESS CONTROL NUMBER
LC control number 2003374001
020 ## - INTERNATIONAL STANDARD BOOK NUMBER
International Standard Book Number 0750922931
035 ## - SYSTEM CONTROL NUMBER
System control number (UkLWHE)b000039480
040 ## - CATALOGING SOURCE
Original cataloging agency DLC
Transcribing agency LIBRARY
042 ## - AUTHENTICATION CODE
Authentication code pcc
043 ## - GEOGRAPHIC AREA CODE
Geographic area code e-gx---
-- a-ja---
050 00 - LIBRARY OF CONGRESS CALL NUMBER
Classification number UG1282.A8
Item number H45 2000
082 ## - DEWEY DECIMAL CLASSIFICATION NUMBER
Classification number 623.45119094309044 HEN
100 1# - MAIN ENTRY--PERSONAL NAME
Personal name Henshall, Philip.
245 14 - TITLE STATEMENT
Title The Nuclear axis : Germany, Japan and the atom bomb race, 1939-1945 /
Statement of responsibility, etc. Philip Henshall.
260 ## - PUBLICATION, DISTRIBUTION, ETC.
Place of publication, distribution, etc. Stroud, Gloucestershire :
Name of publisher, distributor, etc. Sutton Pub.,
Date of publication, distribution, etc. 2000.
300 ## - PHYSICAL DESCRIPTION
Extent viii, 230 p. :
Other physical details ill. ;
Dimensions 25 cm.
504 ## - BIBLIOGRAPHY, ETC. NOTE
Bibliography, etc. note Includes bibliographical references (p. [223]-224) and index.
650 #0 - SUBJECT ADDED ENTRY--TOPICAL TERM
Topical term or geographic name entry element Atomic bomb
Geographic subdivision Germany
General subdivision History.
650 #0 - SUBJECT ADDED ENTRY--TOPICAL TERM
Topical term or geographic name entry element Atomic bomb
Geographic subdivision Japan
General subdivision General
650 #0 - SUBJECT ADDED ENTRY--TOPICAL TERM
Topical term or geographic name entry element World War, 1939-1945
General subdivision Science.
650 #0 - SUBJECT ADDED ENTRY--TOPICAL TERM
Topical term or geographic name entry element World War, 1939-1945
General subdivision Technology.
650 #0 - SUBJECT ADDED ENTRY--TOPICAL TERM
Topical term or geographic name entry element Arms race
General subdivision History
Chronological subdivision 20th century.
651 #0 - SUBJECT ADDED ENTRY--GEOGRAPHIC NAME
Geographic name Germany
General subdivision Military relations
Geographic subdivision Japan.
651 #0 - SUBJECT ADDED ENTRY--GEOGRAPHIC NAME
Geographic name Japan
General subdivision Military relations
Geographic subdivision Germany.
856 ## - ELECTRONIC LOCATION AND ACCESS
Uniform Resource Identifier <a href="http://www.amazon.com/Nuclear-Axis-Phillip-Henshall/dp/0750922931/ref=sr_1_1?s=books&ie=UTF8&qid=1454916257&sr=1-1&keywords=0750922931">http://www.amazon.com/Nuclear-Axis-Phillip-Henshall/dp/0750922931/ref=sr_1_1?s=books&ie=UTF8&qid=1454916257&sr=1-1&keywords=0750922931</a>
906 ## - LOCAL DATA ELEMENT F, LDF (RLIN)
a 7
b cbc
c origres
d 2
e ncip
f 20
g y-gencatlg
942 ## - ADDED ENTRY ELEMENTS (KOHA)
Source of classification or shelving scheme
Koha item type Book
Holdings
Withdrawn status Lost status Source of classification or shelving scheme Materials specified (bound volume or other part) Damaged status Not for loan Permanent Location Current Location Shelving location Date acquired Source of acquisition Cost, normal purchase price Total Checkouts Full call number Barcode Date last seen Cost, replacement price Price effective from Koha item type
      Hardbound     Pakistan Navy Engineering College (PNEC) Pakistan Navy Engineering College (PNEC)   12/07/2015 Capital Book Company / Ref Grant 3053.44   623.45119094309044 HEN PNECLIB-032525 02/08/2016 3053.44 12/07/2015 Book
© 2023 Central Library, National University of Sciences and Technology. All Rights Reserved.